000 00551cam a2200193ua 4500
001 2949
005 20260515113617.0
008 110919n ii |||gr||||Z||||||asm
040 _cMAIN
082 _a920
100 1 _aKalita, Samin,
_eAuthor.
245 1 1 _aJnanapith bata bijoyee dr. birendra kumar Bhattacharya
_cby Samin Kalita
250 _a1st.
260 _aGuahati:
_bChandra Prakash,
_c2007.
300 _a100p:
_c23cm.
653 _aBiography
653 _aBiography of Jnanapith bata bijoyee dr birendra kumar Bhattacharya
942 _cBK
999 _c2795
_d2795